000 00485nam a22001817a 4500
003 MPLRDC
005 20220104125117.0
008 210129b ||||| |||| 00| 0 eng d
020 _a978-7-80009-630-0
082 _a857.62 KNDE-16 v.3
100 _aARTHUR CONAN DOYLE
245 _a福尔摩斯探案全集 (下)
_c伍心铭 译
250 _a一般一刷
260 _a中国
_b时事出版社
_c2006
300 _b548
650 _a推理小说
942 _cBK
_o857.62 KNDE-16 v.3
999 _c24727
_d24717